00409nam a2200157Ia 45000010006000000050017000060080041000230410008000640820016000721000023000882450087001112600009001983000028002076500008002356540008002432340720260414150935.0260414t2007||||xx |||||||||||||| ||spa|| aESP a646.77bG79 aGrenier, Guy,eAUT 4aThe 10 conversations you must have before you get married (and how to have them)b c2007 a351 páginas :c22 cm. aGEN aCHU